Escuela y cultura de la imagen: los nuevos desafíos /
Đã lưu trong:
| Tác giả chính: | |
|---|---|
| Định dạng: | Texto |
| Các nhãn: |
Thêm thẻ
Không có thẻ, Là người đầu tiên thẻ bản ghi này!
|
MARC
| LEADER | 00000 a a2200000 04500 | ||
|---|---|---|---|
| 001 | 10208 | ||
| 003 | |||
| 040 | |||
| 100 | |a Dussel, Inés | ||
| 245 | |a Escuela y cultura de la imagen: |b los nuevos desafíos / |c Inés Dussel | ||
| 773 | |g número 30; páginas 180-193 | ||
| 999 | |c 31416 |d 31416 | ||
